000 00685nam a22002177a 4500
003 OSt
005 20230126152503.0
008 220916b |||||||| |||| 00| 0 eng d
020 _a85 901956 1 9
040 _cBiblioteca Lado V
082 _a708
_bH548a
100 _913
_aHerkenhoff, Paulo
_ecurador
245 _aAdriana Varejao/
260 _aBrasil
_bFUNARTE
_c2006
300 _a151p.
_c21x25cm
650 _2Tesauro de Arte & Arquitectura
_aCATALOGO
650 _2Tesauro de Arte & Arquitectura
_aPINTURA
650 _2Tesauro de Arte & Arquitectura
_aBRASIL
650 _2Tesauro de Arte & Arquitectura
_aEXPOSICIONES
942 _2ddc
_c1
_h708
_iH548a
_n0
999 _c2929
_d2929